Sports Quiz

Random Sports Quiz

Cincinnati Reds of the 1990s Quiz Stats

 Plays Quiz not verified by Sporcle

Score 0/224 Timer 15:00
0 Plays Today
Games Played Player % Correct
1,293Barry Larkin
98.3%
345Eric Davis
89.2%
599Chris Sabo
88.6%
169Jose Rijo
85.2%
445Paul O'Neill
83.5%
990Hal Morris
83%
194Deion Sanders
82.4%
805Reggie Sanders
81.8%
243Rob Dibble
80.7%
720Joe Oliver
80.1%
21Keith Brown
80.1%
247Sean Casey
77.3%
124Randy Myers
75.6%
118Tom Browning
75.6%
162Norm Charlton
73.9%
40Mike Jackson
73.9%
25Damian Jackson
73.9%
23Danny Jackson
73.9%
684Bret Boone
72.2%
213Aaron Boone
72.2%
46Ken Griffey, Sr.
69.9%
43Lee Smith
69.3%
11Pete Smith
69.3%
52Chris Jones
68.2%
320Billy Hatcher
65.3%
613Eddie Taubensee
64.8%
8Gary Green
64.8%
6Todd Williams
61.9%
119Ron Gant
60.8%
48Dan Wilson
60.8%
5Nigel Wilson
60.8%
336Pokey Reese
60.2%
225Kevin Mitchell
60.2%
11Keith Mitchell
60.2%
45Brian Johnson
59.1%
271Dmitri Young
58.5%
254Mariano Duncan
57.4%
445Willie Greene
56.3%
230Bip Roberts
56.3%
153Greg Vaughn
56.3%
178Jeff Reed
55.1%
208Eduardo Perez
54.5%
139Danny Graves
54%
169Todd Benzinger
51.1%
56Jack Armstrong
51.1%
124John Smiley
50.6%
64Ron Oester
50.6%
135Dave Martinez
50%
53Carmelo Martinez
50%
11Pedro Martinez
50%
249Glenn Braggs
49.4%
125Roberto Kelly
49.4%
92Mike Kelly
48.9%
63Pete Harnisch
48.9%
126Gabe White
46.6%
11Pete Rose, Jr.
44.3%
469Lenny Harris
43.8%
260Bill Doran
43.2%
185Jeff Brantley
43.2%
146Mike Cameron
43.2%
11David Wells
43.2%
104Tony Fernandez
42.6%
9Kerry Robinson
42%
6Ron Robinson
42%
169Mark Lewis
39.8%
58Darren Lewis
39.8%
245Chris Stynes
38.6%
81Benito Santiago
38.6%
62Xavier Hernandez
38.6%
61Cesar Hernandez
38.6%
48Scott Scudder
38.6%
36Jason LaRue
38.1%
15Terry Lee
38.1%
207Scott Sullivan
37.5%
24Felix Rodriguez
37.5%
Games Played Player % Correct
9Rosario Rodriguez
37.5%
83Pete Schourek
36.9%
58Scott Williamson
35.2%
53Chris Hammond
34.7%
42Mark Portugal
34.1%
1Stephen Larkin
34.1%
79Dave Burba
33.5%
133Michael Tucker
33%
35Rick Mahler
32.4%
8Billy Bates
32.4%
187Jeff Shaw
31.8%
182Herm Winningham
30.7%
571Jeff Branson
30.1%
20Denny Neagle
30.1%
87Brett Tomko
29%
139Jon Nunnally
28.4%
83Randy Milligan
27.8%
180Luis Quinones
27.3%
78Tim Layana
26.7%
38Steve Parris
26.7%
35Mike Morgan
26.7%
355Thomas Howard
26.1%
26Paul Konerko
26.1%
25Ruben Sierra
26.1%
13Stan Jefferson
26.1%
5Reggie Jefferson
26.1%
149Jeffrey Hammonds
25.6%
34John Roper
25.6%
30Rolando Roomes
25.6%
29Tim Birtsas
25%
1Rick Greene
25%
31Kent Mercker
24.4%
125Mike Remlinger
23.3%
117Eric Owens
23.3%
31Greg Swindell
23.3%
57Tim Belcher
22.7%
55Milt Hill
21.6%
16David Weathers
21.6%
12Juan Guzman
21.6%
4Rick Reed
21.6%
195Jacob Brumfield
20.5%
149Stan Belinda
20.5%
70Dennys Reyes
20.5%
17Steve Avery
19.9%
134Curtis Goodwin
19.3%
58Jeff Reardon
19.3%
148Jerome Walton
18.8%
103Juan Samuel
18.8%
4Richie Lewis
18.8%
68Ted Power
17.6%
59Steve Foster
17.6%
20Scott Winchester
17.6%
5Mo Sanford
17.6%
87Tim Pugh
16.5%
33Vince Coleman
16.5%
7Gookie Dawkins
15.9%
49Brian R. Hunter
15.3%
27Ron Villone
15.3%
12Guillermo Garcia
15.3%
11Glenn Sutko
15.3%
202Hector Carrasco
14.2%
131Johnny Ruffin
14.2%
14Larry Luebbers
14.2%
7Alex Trevino
14.2%
108Brook Fordyce
13.6%
108Chuck McElroy
13.6%
98Freddie Benavides
13.6%
50Terry Pendleton
13.6%
48Bobby Ayala
13.6%
63Dwayne Henry
13.1%
101Brian Dorsett
12.5%
23Marcus Moore
12.5%
54Scott Bankhead
11.9%
22Erik Hanson
11.9%
9C.J. Nitkowski
11.9%
Games Played Player % Correct
94Eric Anthony
11.4%
77Gary Varsho
11.4%
34Kip Gross
11.4%
19Jason Bere
11.4%
3Mike J. Anderson
11.4%
16Tom Bolton
10.8%
70Scott Service
9.7%
43Tim Costo
9.7%
35Greg Tubbs
9.1%
34Damon Berryhill
9.1%
18Gino Minutelli
9.1%
11Rick Wrona
8.5%
6Steve Gibralter
8.5%
6Ricardo Jordan
8.5%
16Troy Afenir
8%
10Donnie Scott
8%
40Cecil Espy
7.4%
35Chad Mottola
7.4%
11Steve Pegues
7.4%
6Brad Pennington
7.4%
32John Hudek
6.8%
28Mike Frank
6.8%
11Keith Kessinger
6.8%
100Pat Watkins
6.3%
61Scott Ruskin
6.3%
33Kevin Wickander
6.3%
28Don Carman
6.3%
83Melvin Nieves
5.7%
58Kevin Jarvis
5.7%
46Jack Daugherty
5.7%
44Jerry Spradlin
5.7%
34Greg Cadaret
5.7%
29Roger Salkeld
5.7%
9Ricky Bones
5.7%
2Terry McGriff
5.7%
37Mark Sweeney
5.1%
25Tim Fortugno
5.1%
10Craig Worthington
5.1%
9Ross Powell
5.1%
5Scott Bradley
5.1%
1Paul Noce
5.1%
55Darnell Coles
4.5%
13Geronimo Berroa
4.5%
10Tommy Gregg
4%
7Brian Koelling
4%
3Keith Hughes
4%
3Frank Viola
4%
18Bill Landrum
3.4%
7Tim Belk
3.4%
3Keith Gordon
3.4%
1B.J. Ryan
3.4%
10Giovanni Carrara
2.8%
15Rick Krivda
2.3%
6Chris Bushing
2.3%
5Derek Lilliquist
2.3%
3Curt Lyons
2.3%
1Joey Eischen
2.3%
34Roberto Petagine
1.7%
15Tony Tarasco
1.7%
8Rich DeLucia
1.7%
3Tony Menendez
1.7%
3Jeff Kaiser
1.7%
3Matt Grott
1.7%
1John Courtright
1.7%
3Jeff Tabaka
1.7%
2John Hudek
1.7%
10Mark Hutton
1.1%
6Ozzie Timmons
1.1%
2Jim Crowell
1.1%
1Steve Cooke
1.1%
2Eddie Priest
1.1%
4Scott Klingenbeck
0.6%
3Keith Glauber
0.6%
4Marc Kroon
0.6%

You're not logged in!

Compare scores with friends on all Sporcle quizzes.
OR
Log In

Show Comments

Extras

Top Quizzes Today


Score Distribution

Your Account Isn't Verified!

In order to create a playlist on Sporcle, you need to verify the email address you used during registration. Go to your Sporcle Settings to finish the process.

Report this User

Report this user for behavior that violates our Community Guidelines.

Details: